MARC

LEADER 00000nam0a2200000 4500
001 355081
005 20231102010746.0
035 |a (RuTPU)RU\TPU\retro\12340 
090 |a 355081 
100 |a 20200630d1965 km y0rusy50 ca 
101 1 |a eng  |c rus 
102 |a RU 
105 |a a z 001zy 
200 1 |a Теория упругости  |f М. М. Филоненко-Бородич  |g пер. М. Коняевой  |d Theory of Elasticity 
210 |a Москва  |c Мир  |d 1965 
215 |a 396 с.  |c ил. 
300 |a На англ. яз. 
320 |a Библиогр.: с. 387 
320 |a Предм. указ.: с. 390-395 
510 1 |a Theory of Elasticity  |z eng 
606 1 |a Упругость, теория  |2 stltpush  |3 (RuTPU)RU\TPU\subj\63144  |9 80188 
610 1 |a напряжения 
610 1 |a твердые тела 
610 1 |a деформация 
610 1 |a закон Гука 
610 1 |a уравнения 
610 1 |a сила 
610 1 |a задачи 
610 1 |a решения 
610 1 |a прямоугольная система координат 
610 1 |a декартовы системы координат 
610 1 |a полярная система координат 
610 1 |a призматические стержни 
610 1 |a кручение 
610 1 |a изгибы 
610 1 |a гибка 
610 1 |a пластины 
610 1 |a методы 
610 1 |a английский язык 
675 |a 539.3  |v 4 
700 1 |a Филоненко-Бородич  |b М. М. 
702 1 |a Коняева  |b М.   |g Марина  |4 730 
801 1 |a RU  |b 63413507  |c 20200630 
801 2 |a RU  |b 63413507  |c 20211018  |g RCR 
942 |c BK